1370 1730 1923 1445 1885 1972 1142 1931 1281 1789 1507 1979 1830 1983 1326 1383 1666 1890 1189 1565 1843 1950 1723 1622 1099 1609 1738 1989 1507 1391 1704 1529 1887 1958 1755 1150 1059 1583 1981 1787 1615 1687 1983 1922 1646 1322 1086 1719 1271 1048 1198 1624 1298 1039 1412 1359 1221 1380 1721 1694 1614 1716 1869 1673 1111 1166 1920 1568 1999 1497 1434 1437 1903 1860 1119 1992 1570 1434 1142 1579 1827 1563 1536 1965 1738 1944 1318 1827 1198 1845 1239 1051 1544 1247 1592 1940 1572 1164 1634 BCNSPRNW ULIB Ver.6.0+V

เปลี่ยนเป็นภาษาไทย

Change to English
 แสดงรายละเอียดบรรณานุกรม
  กลับหน้าหลัก

Brief Record : Get Marc (ISO 2709) : E-mail record : QR code < ปิดหน้าต่าง
LEADER : 00000nam 2200000uu 4500
001    13399128077
003     ULIB
008    220509s2564||||th 000 0 tha d
020 ^- ^a9786165863087
060 ^- ^aWF145^bก67
245 00 ^aการรักษาทางคลินิกด้วยออกซิเจนอัตราการไหลสูง =Clinical use of high-flow oxygen therapy /^cบรรณาธิการ นัฐพล ฤทธิ์ทยมัย.
246 11 ^aClinical use of high-flow oxygen therapy
250 ^- ^aพิมพ์ครั้งที่ 1.
260 ^- ^aกรุงเทพฯ :^bสาขาวิชาโรคระบบการหายใจและวัณโรค ภาควิชาอายุรศาสตร์ คณะแพทยศาสตร์ศิริราชพยาบาล มหาวิทยาลัยมหิดล,^c2564
300 ^- ^a168 หน้า :^bภาพประกอบ (ภาพสีบางภาพ)
505 0^ aบทที่ 1 สรีรวิทยาของการแลกเปลี่ยนก๊าซ -- บทที่ 2 พยาธิสรีรวิทยาของภาวะการหายใจล้มเหลวเฉียบพลัน -- บทที่ 3 หลักการรักษาด้วยออกซิเจน -- บทที่ 4 อุปกรณ์การให้ออกซิเจนอัตราการไหลต่ำ -- บทที่ 5 อุปกรณ์การให้ออกซิเจนอัตราการไหลสูง -- บทที่ 6 หลักการทำงานและผลทางสรีรวิทยาของ high-flow nasal oxygen cannula -- บทที่ 7 การรักษาด้วย high-flow nasal oxygen cannula ในภาวะการหายใจล้มเหลวเฉียบพลันชนิดออกซิเจนในเลือดต่ำ -- บทที่ 8 การรักษาด้วย high-flow nasal oxygen cannula หลังการถอดท่อช่วยหานใจ -- บทที่ 9 การรักษา high-flow nasal oxygen cannula หลังการผ่าตัดและขณะทำหัตถการต่างๆ -- บทที่ 10 การรักษาด้วยออกซิเจนอัตราการไหลสูงระหว่างการใส่ท่อช่วยหายใจและในผู้ป่วยที่ได้รับการเจาะคอ -- บทที่ 11 การรักษาด้วย high-flow nasal oxygen cannula ในผู้ป่วยที่ให้การรักษาแบบประคับประคอง -- บทที่่ 12 การรักษาด้วย high-flow nasal oxygen cannula ในภาวะการหายใจล้มเหลวชนิดคาร์บอนไดออกไซด์ในเลือดคั่ง.
650 ^4 ^aการรักษาด้วยการสูดออกซิเจน.
650  0 ^aเครื่องช่วยหายใจความถี่สูง.
650  0 ^aภาวะหายใจล้มเหลว^xการรักษา.
700 0^ aนัฐพล ฤทธิ์ทยมัย.
710 2^ aคณะแพทยศาสตร์ศิริราชพยาบาล.^bภาควิชาอายุรศาสตร์.^cสาขาวิชาโรคระบบการหายใจและวัณโรค.
945    ^p380^l0^i29238
945    ^p380^l0^i29239
945    ^p380^l0^i29240
945    ^p380^l0^i29241
945    ^p380^l0^i29252
999    ^aกัณชพร จุลอักษร
รายการนี้ยังไม่มีแท็ก
คุณยังไม่ได้ล็อกอิน คุณสามารถมีกิจกรรมร่วมกับเว็บไซต์ได้ แต่ต้องล็อกอินก่อน ::
  ล็อกอิน

รายการสื่อสารสนเทศ

ลำดับที่ ประเภท เลขเรียก/บาร์โค้ด สถานที่ สถานะ
1. หนังสือสำรอง
หนังสือสำรอง
WF145 ก67 ฉ.1 
  Barcode: 29238
ห้องสมุดวิทยาเขตสวรรค์ประชารักษ์
►หนังสือทั่วไป
บนชั้น
2. วิทยาศาสตร์การแพทย์ และสุขภาพ
วิทยาศาสตร์การแพทย์ และสุขภาพ
WF145 ก67 ฉ.2 
  Barcode: 29239
ห้องสมุดวิทยาเขตสวรรค์ประชารักษ์
►หนังสือทั่วไป
บนชั้น
3. วิทยาศาสตร์การแพทย์ และสุขภาพ
วิทยาศาสตร์การแพทย์ และสุขภาพ
WF145 ก67 ฉ.3 
  Barcode: 29240
ห้องสมุดวิทยาเขตสวรรค์ประชารักษ์
►หนังสือทั่วไป
บนชั้น
4. วิทยาศาสตร์การแพทย์ และสุขภาพ
วิทยาศาสตร์การแพทย์ และสุขภาพ
WF145 ก67 ฉ.4 
  Barcode: 29241
ห้องสมุดวิทยาเขตสวรรค์ประชารักษ์
►หนังสือทั่วไป
บนชั้น
5. วิทยาศาสตร์การแพทย์ และสุขภาพ
วิทยาศาสตร์การแพทย์ และสุขภาพ
WF145 ก67 ฉ.5 
  Barcode: 29252
ห้องสมุดวิทยาเขตสวรรค์ประชารักษ์
►หนังสือทั่วไป
บนชั้น

รายการใกล้เคียง
    หัวเรื่อง [การรักษาด้วยการสูดออกซิเจน.]
    หัวเรื่อง [เครื่องช่วยหายใจความถี่สูง.]

BibComment


ยังไม่เคยถูกคอมเมนท์

คอมเมนท์ทรัพยากรรายการนี้
  คอมเมนท์: การรักษาทางคลินิ..


 Copyright 2026. Bcnsprnw @Library